000 01266nam2a2200265 4500
001 RU\NLR\BIBL_A\011748436
005 20180726094143.0
010 _a978-5-9500106-3-7
_95000
021 _aRU
_bКН-П-18-042948
_9КН-П-18-3107
035 _a(NLR Aleph) 011748436
090 _a11616454
_c11616454
100 _a20180712d2018 u y0rusy50 ca
101 1 _arus
_cscc
102 _aRU
105 _ay|||w|||000zy
200 0 _a[Кн. 1]
210 _d2018
215 _a463 с.
461 0 _1001RU\NLR\BIBL_A\011747321
_12001#$aБеседы на Евангелие$e[перевод с сербского]$fсвятитель Николай Сербский (Велимирович)$v[Кн. 1]
_1700#0$aНиколай$cВелимирович, Никола$f1880-1956$3RU\NLR\AUTH\779514$cепископ Охридский и Жичский
_911610472
_aНиколай (Велимирович, Никола ; 1880-1956)
_cМосква
_d2018
_fсвятитель Николай Сербский (Велимирович)
_nНика
_o[перевод с сербского]
_tБеседы на Евангелие
_v[Кн. 1]
852 _aNLR
_b2018-3/18632
942 _cBOOK
980 _aNBR
980 _aNB